| 000 | 00700nam a22002177a 4500 | ||
|---|---|---|---|
| 005 | 20250307171112.0 | ||
| 008 | 231113b ||||| |||| 00| 0 spa d | ||
| 020 | _a987-9306-14-7 | ||
| 040 | _cAR-FvUNAJ | ||
| 082 | 1 | 4 |
_214 _a330.15 |
| 100 | 1 |
_921377 _aHolloway, John |
|
| 245 | 1 | 0 |
_aKeynesianismo una peligrosa ilusión : _bun aporte al debate de la teoría del cambio social / _cJohn Holloway |
| 250 | _a2a ed. | ||
| 260 |
_aBuenos Aires: _bHerramienta, _c2004 |
||
| 300 | _a158 p. | ||
| 650 | 2 | 7 |
_2unescot _94468 _aTEORÍA ECONÓMICA |
| 650 | 2 | 4 |
_91644 _aKEYNESIANISMO _2unescot |
| 650 | 2 | 4 |
_9855 _aPOLITICA ECONOMICA _2unescot |
| 650 | 2 | 7 |
_91295 _aMERCADO DE TRABAJO _2unescot |
| 942 |
_2ddc _cLIBRO |
||
| 999 |
_c10827 _d10827 |
||
| 980 |
_619226 _a Palazón Marcela I. _819226 _g Palazón Marcela I. |
||